000 00489nam a2200181Ia 4500
001 14084
005 20260306164848.0
008 260306t2006||||xx |||||||||||||| ||spa||
041 _aESP
082 _a006.32
_bS23
100 _aSánchez Camperos, Edgar Nelson
_eAUT
245 0 _aRedes neuronales:
_bconceptos fundamentales y aplicaciones a control automático
260 _c2006
300 _a232 páginas :
_c24 cm.
650 _aGEN
654 _aCCC
942 _cLIB
_dJUS
_fJUS
_2ddc
_n
999 _c14084
_d14084